| 000 | 00586nam a2200193 i 4500 | ||
|---|---|---|---|
| 001 | 33480 | ||
| 003 | ES-MaACL | ||
| 005 | 20230906154751.0 | ||
| 007 | t| | ||
| 008 | 030202s1960 sp ||||1| spa d | ||
| 100 | 1 |
_aBierge Ceron, J. _928821 |
|
| 245 | 1 | 0 |
_aEsperando al médico _b: (orientación médica para el hogar) / _cJ. Bierge Ceron. |
| 260 |
_aBarcelona : _bRamón Sopena, _c[1960] |
||
| 300 |
_a704 p., 9 lám. : _bil. ; _c21 cm. |
||
| 490 | 1 | _aBiblioteca Hispana | |
| 830 | 0 |
_aBiblioteca Hispana _9183296 |
|
| 852 |
_aES-MaACL _jC-21173 _bR.49373 |
||
| 999 |
_c33480 _d33480 |
||